Data Communication and computer networks/ (Record no. 695)

MARC details
000 -LEADER
Fixed length control field 00538nam a2200181 4500
003 - CONTROL NUMBER IDENTIFIER
Control field SEACOMEC
005 - DATE AND TIME OF LATEST TRANSACTION
Control field 20241207123813.0
008 - FIXED-LENGTH DATA ELEMENTS--GENERAL INFORMATION
Fixed length control field 240226b |||||||| |||| 00| 0 eng d
020 ## - INTERNATIONAL STANDARD BOOK NUMBER / ISBN
Price Rs.150.00
International Standard Book Number 978-8125915973
040 ## - CATALOGING SOURCE
Original cataloging agency SEACOMEC
082 ## - DEWEY DECIMAL CLASSIFICATION NUMBER
Classification number 004.6
Book Number A261
100 ## - MAIN ENTRY--PERSONAL NAME
Personal name Agarwal,Rajneev
245 1# - TITLE STATEMENT
Title Data Communication and computer networks/
Statement of responsibility Rajneev,Agarwal ,Bharat Bhushan Tiwari
260 1# - IMPRINT
Place of publication New Delhi
Name of publisher Vikas publishing
Date of publication 2005
650 ## - SUBJECT ADDED ENTRY--TOPICAL TERM
Topical term Computer science, communications
700 ## - ADDED ENTRY--PERSONAL NAME
Personal name Tiwari,Bharat Bhushan
942 ## - ADDED ENTRY ELEMENTS (KOHA)
Koha item type Books
Holdings
Withdrawn status Lost status Source of classification Damaged status Not for loan Home library Current library Date acquired Total Checkouts Call number Accession number Date last seen Price effective from Koha item type Copy number
    Dewey Decimal Classification     SEACOM ENGINEERING COLLEGE SEACOM ENGINEERING COLLEGE 09/06/2006   004.6 A261 2996 01/07/2024 01/07/2024 Books  
    Dewey Decimal Classification     SEACOM ENGINEERING COLLEGE SEACOM ENGINEERING COLLEGE 01/07/2024   004.6 A261 2997 01/07/2024 01/07/2024 Books 1
    Dewey Decimal Classification     SEACOM ENGINEERING COLLEGE SEACOM ENGINEERING COLLEGE 01/07/2024   004.6 A261 2998 01/07/2024 01/07/2024 Books 2
    Dewey Decimal Classification     SEACOM ENGINEERING COLLEGE SEACOM ENGINEERING COLLEGE 01/07/2024   004.6 A261 2999 01/07/2024 01/07/2024 Books 3
    Dewey Decimal Classification     SEACOM ENGINEERING COLLEGE SEACOM ENGINEERING COLLEGE 01/07/2024   004.6 A261 3000 01/07/2024 01/07/2024 Books 4
    Dewey Decimal Classification     SEACOM ENGINEERING COLLEGE SEACOM ENGINEERING COLLEGE 14/02/2007   004.6 A261 5967 01/07/2024 01/07/2024 Books 5
    Dewey Decimal Classification     SEACOM ENGINEERING COLLEGE SEACOM ENGINEERING COLLEGE 14/02/2007   004.6 A261 5968 01/07/2024 01/07/2024 Books 6
    Dewey Decimal Classification     SEACOM ENGINEERING COLLEGE SEACOM ENGINEERING COLLEGE 14/02/2007   004.6 A261 5969 01/07/2024 01/07/2024 Books 7
    Dewey Decimal Classification     SEACOM ENGINEERING COLLEGE SEACOM ENGINEERING COLLEGE 14/02/2007   004.6 A261 5970 01/07/2024 01/07/2024 Books 8
    Dewey Decimal Classification     SEACOM ENGINEERING COLLEGE SEACOM ENGINEERING COLLEGE 14/02/2007   004.6 A261 5971 01/07/2024 01/07/2024 Books 9
    Dewey Decimal Classification     SEACOM ENGINEERING COLLEGE SEACOM ENGINEERING COLLEGE 10/04/2008   004.6 A261 10880 07/12/2024 07/12/2024 Books 10
    Dewey Decimal Classification     SEACOM ENGINEERING COLLEGE SEACOM ENGINEERING COLLEGE 10/04/2008   004.6 A261 10881 07/12/2024 07/12/2024 Books 11
    Dewey Decimal Classification     SEACOM ENGINEERING COLLEGE SEACOM ENGINEERING COLLEGE 10/04/2008   004.6 A261 10882 07/12/2024 07/12/2024 Books 12
    Dewey Decimal Classification     SEACOM ENGINEERING COLLEGE SEACOM ENGINEERING COLLEGE 10/04/2008   004.6 A261 10883 07/12/2024 07/12/2024 Books 13
© Seacom Engineering College, All rights reserved.      Powered by Koha